| 000 | 00387nam a2200157Ia 4500 | ||
|---|---|---|---|
| 008 | 230718s9999 xx 000 0 und d | ||
| 041 | _aeng | ||
| 082 |
_a234.132 _bNAI |
||
| 100 |
_aNaidu N.C. _9187032 |
||
| 245 | _aPlain SPearsonking | ||
| 260 |
_c2000 _bViking |
||
| 300 | _a261 | ||
| 365 |
_cRs. _b395.00 |
||
| 700 |
_aNaidu N.C. _9187032 |
||
| 906 |
_dB:685513-Dec-2000 _cOTH _b59.25 |
||
| 999 |
_c301343 _d301343 |
||